000
00255nam a2200109Ia 4500
008
230907s9999||||xx |||||||||||||| ||und||
082
_a
620.106
_b
FLU
245
0
_a
Fluid mechanics /
260
_a
Pearson,
_b
Noida :
_c
2009
300
_a
958 p.
942
_c
BK
999
_c
600276
_d
600276